<?xml version="1.0" encoding="UTF-8"?>
<record
    xmlns:xsi="http://www.w3.org/2001/XMLSchema-instance"
    xsi:schemaLocation="http://www.loc.gov/MARC21/slim http://www.loc.gov/standards/marcxml/schema/MARC21slim.xsd"
    xmlns="http://www.loc.gov/MARC21/slim">

  <leader>01387nam a2200265 a 4500</leader>
  <controlfield tag="001">BRL_438</controlfield>
  <controlfield tag="005">20190320210737.0</controlfield>
  <controlfield tag="008">130813s1922----mx-abeg###---#000-0#spa-#</controlfield>
  <datafield tag="041" ind1=" " ind2=" ">
    <subfield code="a">spa</subfield>
  </datafield>
  <datafield tag="044" ind1=" " ind2=" ">
    <subfield code="a">mx</subfield>
  </datafield>
  <datafield tag="050" ind1=" " ind2="4">
    <subfield code="a">F1219.1.T27</subfield>
    <subfield code="b">.P63 1922</subfield>
  </datafield>
  <datafield tag="245" ind1="1" ind2="0">
    <subfield code="a">La poblaci&#xF3;n del Valle de Teotihuac&#xE1;n</subfield>
    <subfield code="b">Representativa de las que habitan las regiones rurales del Distrito Federal y de los Estados de Hidalgo, Puebla, Mexico y Tlaxtcala.</subfield>
  </datafield>
  <datafield tag="260" ind1=" " ind2=" ">
    <subfield code="a">M&#xE9;xico</subfield>
    <subfield code="b">Secretar&#xED;a de Agricultura y Fomento, Direcci&#xF3;n de Antropolog&#xED;a</subfield>
    <subfield code="c">1922</subfield>
  </datafield>
  <datafield tag="300" ind1=" " ind2=" ">
    <subfield code="a">v.</subfield>
    <subfield code="b">il. (algunas a color), hojas plegables, mapas, diagramas, planos, tablas</subfield>
    <subfield code="c">29 cm.</subfield>
  </datafield>
  <datafield tag="440" ind1=" " ind2="0">
    <subfield code="a">Poblaciones regionales de la republica mexicana</subfield>
    <subfield code="9">23913</subfield>
  </datafield>
  <datafield tag="500" ind1=" " ind2=" ">
    <subfield code="a">t.1 v.1 Au9 ; t.1 v.2 Au1265 ; t.2 Au1266</subfield>
  </datafield>
  <datafield tag="500" ind1=" " ind2=" ">
    <subfield code="a">Estado f&#xED;sico: t.1 v.2 tiene el lomo y las pastas desprendias y el t.2 despegado el lomo.</subfield>
  </datafield>
  <datafield tag="500" ind1=" " ind2=" ">
    <subfield code="a">Estado f&#xED;sico: El t.1 v.1 fue encuadernado, octubre 2013</subfield>
  </datafield>
  <datafield tag="505" ind1="0" ind2=" ">
    <subfield code="a">Contenido: t.1 v.1 La poblaci&#xF3;n prehispanica - t.1 v.2 La poblaci&#xF3;n Colonial - t.2 La poblaci&#xF3;n contemporanea.</subfield>
  </datafield>
  <datafield tag="651" ind1=" " ind2="4">
    <subfield code="a">Teotihuac&#xE1;n, Sitio (San Juan Teotihuac&#xE1;n, M&#xE9;xico)</subfield>
    <subfield code="x">Vita social y costumbres</subfield>
    <subfield code="9">23914</subfield>
  </datafield>
  <datafield tag="651" ind1=" " ind2="4">
    <subfield code="a">Teotihuac&#xE1;n, Sitio (San Juan Teotihuac&#xE1;n, M&#xE9;xico)</subfield>
    <subfield code="x">Civilizacion</subfield>
    <subfield code="9">23915</subfield>
  </datafield>
  <datafield tag="651" ind1=" " ind2="4">
    <subfield code="a">Teotihuac&#xE1;n, Sitio (San Juan Teotihuac&#xE1;n, M&#xE9;xico)</subfield>
    <subfield code="x">Antig&#xFC;edades</subfield>
    <subfield code="9">23836</subfield>
  </datafield>
  <datafield tag="902" ind1=" " ind2=" ">
    <subfield code="a">GRL</subfield>
  </datafield>
  <datafield tag="942" ind1=" " ind2=" ">
    <subfield code="2">lcc</subfield>
    <subfield code="c">B</subfield>
  </datafield>
  <datafield tag="999" ind1=" " ind2=" ">
    <subfield code="c">9250</subfield>
    <subfield code="d">9250</subfield>
  </datafield>
  <datafield tag="952" ind1=" " ind2=" ">
    <subfield code="0">0</subfield>
    <subfield code="1">0</subfield>
    <subfield code="4">0</subfield>
    <subfield code="7">0</subfield>
    <subfield code="a">BRL</subfield>
    <subfield code="b">BRL</subfield>
    <subfield code="d">2015-10-19</subfield>
    <subfield code="l">0</subfield>
    <subfield code="o">F1219.1.T27 .P63 1922</subfield>
    <subfield code="p">GRL01204</subfield>
    <subfield code="r">2019-03-22 00:00:00</subfield>
    <subfield code="w">2019-03-22</subfield>
    <subfield code="y">B</subfield>
  </datafield>
  <datafield tag="952" ind1=" " ind2=" ">
    <subfield code="0">0</subfield>
    <subfield code="1">0</subfield>
    <subfield code="4">0</subfield>
    <subfield code="7">0</subfield>
    <subfield code="a">BRL</subfield>
    <subfield code="b">BRL</subfield>
    <subfield code="d">2015-10-19</subfield>
    <subfield code="l">0</subfield>
    <subfield code="o">F1219.1.T27 .P63 1922</subfield>
    <subfield code="p">GRL01205</subfield>
    <subfield code="r">2019-03-22 00:00:00</subfield>
    <subfield code="w">2019-03-22</subfield>
    <subfield code="y">B</subfield>
  </datafield>
  <datafield tag="952" ind1=" " ind2=" ">
    <subfield code="0">0</subfield>
    <subfield code="1">0</subfield>
    <subfield code="4">0</subfield>
    <subfield code="7">0</subfield>
    <subfield code="a">BRL</subfield>
    <subfield code="b">BRL</subfield>
    <subfield code="d">2013-08-13</subfield>
    <subfield code="l">0</subfield>
    <subfield code="o">F1219.1.T27 .P63 1922</subfield>
    <subfield code="p">GRL00472</subfield>
    <subfield code="r">2019-03-22 00:00:00</subfield>
    <subfield code="w">2019-03-22</subfield>
    <subfield code="y">B</subfield>
  </datafield>
</record>
